000 01093cam a2200313 i 4500
001 12142538
003 EG-ScBUE
005 20241010120723.0
008 000815t2001 riu f b 001 0 eng d
020 _a9780821821725
040 _aDLC
_beng
_erda
_cDLC
_dEG-ScBUE
041 1 _aeng
_hspa
082 0 4 _a515.2433
_222
_bDUO
100 1 _aDuoandikoetxea Zuazo, Javier,
_eauthor.
_938867
240 1 0 _aAnalisis de Fourier.
_lEnglish
245 1 0 _aFourier analysis /
_cJavier Duoandikoetxea ; translated and revised by David Cruz-Uribe, SFO.
264 1 _aProvidence, Rhode Island :
_bAmerican Mathematical Society,
_c[2001]
264 4 _cc2001
300 _axviii, 222 pages ;
_c27 cm.
490 0 _aGraduate studies in mathematics,
_vvolume 29
504 _aIncludes bibliographical references and index.
546 _aText in English ; translated from the original Spanish.
650 7 _aFourier analysis.
_2BUEsh
651 _2BUEsh
653 _bENGGEN
_cSeptember2015
_cDecember2015
655 _vReading book
700 1 _aCruz-Uribe, David
_etranslator.
942 _2ddc
_cBB
999 _c20840
_d20812